Burung jelatik yang degil

Bibliographic Details
Main Author: Yulis Hj.Aluwi
Format: Book
Published: Selangor : Penerbit Pinang Sdn Bhd , 2002
Series:Siri teladan dari rimba 1
Subjects:

MARC

LEADER 00000cam a2200000 7i4500
001 0000052736
005 20220105104157.0
008 151006
020 |a 9830553957 (set) 
020 |a 9830553981 
090 0 0 |a MOR   |b MAL 
100 0 |a Yulis Hj.Aluwi 
245 1 0 |a Burung jelatik yang degil   |c Yulis Hj.Ali 
260 |a Selangor :   |b Penerbit Pinang Sdn Bhd ,   |c 2002 
490 1 |a Siri teladan dari rimba 1 
500 |a Children age 4-6 years old (yellow) 
650 0 |a Animal   |x Fiction 
650 0 |a Moral stories, Malay 
999 |a 0001054394   |b Book   |c Children Collection   |e Cawangan Taman Universiti 
999 |a 0001054395   |b Book   |c Children Collection   |e Cawangan Segamat 
999 |a 0001054396   |b Book   |c Children Collection   |e Cawangan Bukit Gambir